| 000 | 00579nam a2200169 a 4500 | ||
|---|---|---|---|
| 008 | 060316s1983 ||||||||||||||||| || u | ||
| 020 | _a0534014151 | ||
| 050 | _aTK 7881 Hum | ||
| 100 | _aHumphries, James T | ||
| 245 | 1 | 0 | _aIndustrial electronics |
| 260 |
_aMassachusetts _bBreton _c1983 |
||
| 300 | _axiv ; 280p. : ill. | ||
| 350 | _a0.00 | ||
| 650 | 0 | _aELECTRONICS | |
| 650 | _aINDUSTRIAL ELECTRONICS | ||
| 995 |
_D0.00 _FCBU-MAIN LIBRARY (Kitwe) _H1 _I0.00 _M1 _UAVAILABLE _WOct 4, 2006 _ZMain Library Open Access Collection |
||
| 999 |
_c46716 _d46716 |
||